01021cam a2200253 a 4500001000500000005001700005020001800022020001800040040002300058050002600081082001600107100003200123245010800155250004600263260003400309300003700343490002300380505000700403520025400410521001700664521001700681650003500698700003400733218220231110105204.0 a9780525422105 a9780545417105 aDLCcDLCdDLCbeng00aPZ7.S68524bEpac 201000a813.6002221 aSobol, Donald J.d1924-201210aEncyclopedia Brown and the case of the secret UFOs /cDonald J. Sobol ; illustrated by James Bernardin. aFirst Scholastic printing, September 2011 aNew York :bScholastic,c2010 a84 pages :billustrationsc19 cm0 aEncyclopedia Brown0 aM  aTen brief cases allow the reader to match wits with ten-year-old crime-buster, Encyclopedia Brown, as he investigates such cases as whether a diary of George Washington's mother is authentic, or if a UFO picture supposedly taken by the army is real. a600 bLexile aM bRaz-Plus 1aMystery and detective stories.1 aBernardin, Jameseillustrator